Mi kell a befogadó színházhoz? Fesztivál után bólintás előtt /
Elmentve itt :
| Szerző: | |
|---|---|
| Dokumentumtípus: | Cikk |
| Megjelent: |
1991-08-29
|
| Sorozat: | Délmagyarország
81 No. 202 |
| Kulcsszavak: | amatőr színpadok |
| Online Access: | http://dmarchiv.bibl.u-szeged.hu/120571 |
| LEADER | 00501nab a2200157 i 4500 | ||
|---|---|---|---|
| 001 | delm120571 | ||
| 005 | 20190927140857.0 | ||
| 008 | 190927s1991 hu o 0|| hun d | ||
| 040 | |a SZTE Délmagyarország Archívum |b hun | ||
| 041 | |a hun | ||
| 100 | 1 | |a Darvasi László | |
| 245 | 1 | 0 | |a Mi kell a befogadó színházhoz? |h [elektronikus dokumentum] : |b Fesztivál után bólintás előtt / |c Darvasi László |
| 260 | |c 1991-08-29 | ||
| 300 | |a 5 | ||
| 490 | 0 | |a Délmagyarország |v 81 No. 202 | |
| 695 | |a amatőr színpadok | ||